Statystyki dla Regiony Włoch

Kliknij tutaj aby rozwiązać quiz!

Ogólne statystyki

  • Ten quiz został rozwiązany 116 razy
  • Średni wynik to 8 z 20

Statystyki odpowiedzi

StolicaRegion% Poprawnych
PalermoSycylia
83%
MediolanLombardia
77%
CagliariSardynia
72%
FlorencjaToskania
59%
Wenecja EuganejskaWenecja
58%
TurynPiemont
57%
RzymLacjum
49%
NeapolKampania
38%
CatanzaroKalabria
36%
GenuaLiguria
35%
BariApulia
29%
AostaDolina Aosty
27%
BoloniaEmilia-Romania
23%
PotenzaBasilicata
22%
PerugiaUmbria
22%
L'AquilaAbruzja
20%
AnkonaMarche
19%
CampobassoMolise
16%
TriestFriuli-Wenecja Julijska
12%
TrentoTrydent-Górna Adyga
9%

Rozkład punktacji

Percentyl według liczby udzielonych odpowiedzi

Procent ludzi z każdym wynikiem

Twoja historia wyników

Nie rozwiązałeś tego quizu